000 01184cam a2200349 i 4500
999 _c526980
_d526980
001 19397017
003 NUST
005 20190718063822.0
008 161206s2017 flu b 001 0 eng
010 _a 2016055850
020 _a9781138636002 (hb : alk. paper)
020 _z9781315206240 (e)
038 _aArshad
040 _aDLC
_beng
_cDLC
_erda
_dDLC
042 _apcc
050 0 0 _aQA76.73.C15
_bT77 2017
082 0 0 _a005.133
_bTSE
100 1 _aTselikis, George S.,
_eauthor.
_918011
245 1 0 _aC, from theory to practice /
_cGeorge S. Tselikis, Nikolaos D. Tselikas.
250 _aSecond edition.
264 1 _aBoca Raton :
_bCRC Press,Taylor & Francis Group,
_c2017.
300 _axix, 685 pages ;
_c26 cm.
336 _atext
_btxt
_2rdacontent
337 _aunmediated
_bn
_2rdamedia
338 _avolume
_bnc
_2rdacarrier
504 _aIncludes bibliographical references and index.
650 0 _aC (Computer program language)
_91226
700 1 _aTselikas, Nikolaos D.,
_eauthor.
_918012
906 _a7
_bcbc
_corignew
_d1
_eecip
_f20
_gy-gencatlg
942 _2ddc
_cBK